| 000 | 00555nam a2200193 i 4500 | ||
|---|---|---|---|
| 001 | 148853 | ||
| 003 | ES-MaACL | ||
| 005 | 20250727034611.0 | ||
| 007 | t| | ||
| 008 | 070214s1967 sp r ||||1| spa d | ||
| 245 | 0 | 3 |
_aLa subversión del dinero / _cMonseñor Añoveros [et al.]. |
| 250 | _a1ª. ed. | ||
| 260 |
_aBarcelona : _bNova Terra, _c1967. |
||
| 300 |
_a60 p. ; _c19 cm. |
||
| 650 | 7 |
_aIglesia y problemas sociales _2embne _913569 |
|
| 700 | 0 |
_aAñoveros, Antonio. _922027 |
|
| 852 |
_aES-MaACL _jC-33858 _bR.64602 |
||
| 999 |
_c148853 _d148853 |
||